| 000 | 00754nam a2200241 a 4500 | ||
|---|---|---|---|
| 999 |
_c12181 _d12181 |
||
| 001 | 12181 | ||
| 003 | BD-JhCC | ||
| 005 | 20210323092540.0 | ||
| 008 | 210323s20182019bg |||| |||| 000 0 ben d | ||
| 020 | _a9847012007679 | ||
| 035 | _a(BD-JhCC)12181 | ||
| 040 |
_aBD-JhCC _dBD-JhCC |
||
| 041 | _aben | ||
| 082 |
_a297.09 _bSAD 2019 |
||
| 100 | _aসাদী, শেখ | ||
| 245 |
_aইসলামে প্রথম / _cশেখ সাদী |
||
| 260 |
_aঢাকা : _bকথাপ্রকাশ, _c২০১৯. |
||
| 300 |
_a২৭০ পৃ. : _c২১ সেমি. |
||
| 504 | _aগ্রন্থপঞ্জি অর্ন্তভূক্ত। | ||
| 650 |
_aIslam _xHistory |
||
| 650 | _aFirst events of islam | ||
| 942 |
_2ddc _cBK |
||